[Event "Scandic Hotels CC"]
[Site "Stockholm"]
[Date "2000.08.05"]
[Round "8"]
[White "Ivanov, Sergey"]
[Black "Hillarp Persson, Tiger"]
[Result "1-0"]
[WhiteElo "2574"]
[BlackElo "2549"]
[Annotator "Tsesarsky,I"]
[PlyCount "81"]
[EventDate "2000.07.29"]
[EventType "tourn"]
[EventRounds "9"]
[EventCountry "SWE"]
[EventCategory "10"]
[SourceTitle "CBM 079"]
[Source "ChessBase"]
[SourceDate "2000.11.21"]
[SourceVersion "1"]
[SourceVersionDate "2000.11.21"]
[SourceQuality "1"]

1. c4 c6 2. e4 d5 3. cxd5 cxd5 4. exd5 Nf6 5. Nc3 Nxd5 6. Nf3 e6 7. Bc4 Be7 8.
O-O O-O 9. d4 Nc6 10. Re1 Bf6 11. Ne4 b6 12. Nxf6+ $146 {In this type of
positions with isolated P side has this isolated P must avoid pieces changes
and try to organize attack on the kingside.But in our case white recieve Nf6
pin.} ({More flexible is} 12. a3 Bb7 13. Qd3 {-mainline} Rc8 (13... Re8 14. Bd2
Nce7 15. Rad1 Nf5 16. Ba2 Nd6 17. Ng3 $132 {1/2-1/2 Serper,G-Kaidanov,G/
Groningen PCA ,CBM 1993 (42)}) (13... Nce7 14. Bd2 (14. Nfg5 Ng6 15. h4 Bxg5
16. Nxg5 h6 17. Nxe6 fxe6 18. Qxg6 Qxh4 19. Qg3 Qxg3 20. fxg3 Rf6 21. Bd2 {
1/2-1/2 Psakhis,L-Epishin,V/Rostov 1993 (21)}) 14... Ng6 15. Neg5 Nde7 16. Rxe6
$5 {see comments to the game 1/2-1/2 Kortchnoi,V-Oll,L/Groningen 1993/Inf 59/
[Oll,L] (31)}) (13... Be7 14. Nfg5 h6 15. Nh7 f5 16. Nxf8 fxe4 17. Rxe4 Kxf8
18. Rxe6 Bf6 $44 {0-1 Ghinda,M-Skembris,S/Athens 1984/ (27)}) 14. Nfg5 (14. Bd2
Qd7 (14... Nce7 15. Rad1 Nf5 16. Bb3 Be7 $11 (16... Nd6 $2 17. Bxd5 $1 Bxd5 18.
Nxd6 Qxd6 19. Bb4 $16 {1-0 Korneev,O-Oms Pallise,J/Dos Hermanas ESP 2000/The
Week in Chess 284/[Kostakiev] (51)})) 15. Ba2 Rfd8 16. Rad1 Nce7 17. Bb1 Ng6
18. h4 $40 {1-0 Sigurjonsson,G-Torfason,J/Reykjavik 1972/(34)}) (14. Ba2 Nce7
15. Bd2 Ng6 16. g3 Re8 17. h4 $36 {1-0 Van Wely,L-Piket,J/Amber Rapid, Monte
Carlo MON 1998/(61)}) 14... Bxg5 15. Bxg5 f6 16. Bd2 Qd7 17. Rad1 Nce7 18. Ba2
Rfe8 19. Bb1 (19. h4 Kh8 20. Bb1 g6 21. Qh3 Nf5 $15 {0-1 Nikolic,P-Ribli,Z/
Portoroz/Ljubljana 1985/Inf 39/ (35)}) 19... Ng6 20. Qg3 f5 21. Qd6 Rcd8 22.
Qxd7 Rxd7 23. Ng5 Rde7 {1/2-1/2 Tal,M-Petrosian,T/Moskva 1966/Inf 02/ (29)}) (
12. h4 $5 Bb7 13. Bg5 Bxg5 14. hxg5 Rc8 15. a3 Nde7 16. Ba2 Nf5 17. d5 exd5 18.
Qxd5 Qxd5 19. Bxd5 Rfd8 20. Rad1 Na5 $11 {1/2-1/2 Serper,G-Lugovoi,A/St.
Petersburg op 1995/EXP 46 (43)}) 12... Nxf6 13. Bg5 {[%cal Gg5d8] We can see
also the benefit of the change on the previous move: white Bg5 has no opponent.
} Bb7 14. a3 $1 $146 {[%mdl 4] Now the pin is unpleasant...} ({Another move} 
14. Rc1 $6 {is not in spirit of position.} Rc8 15. Bd3 h6 16. Be3 (16. Bh4 $2
Nxd4 17. Nxd4 (17. Rxc8 Nxf3+ 18. Qxf3 Bxf3 19. Rxd8 Rxd8 $17) 17... Rxc1 $17)
16... Qd5 {and in this position will be long struggle with a lot of manoeuvres.
} 17. Bc4 Qf5 18. Bd3 Qd5 19. Bc4 Qf5 20. h3 (20. Bd3 $11) 20... Rfd8 21. Qe2
Nd5 22. Bd3 Qf6 23. Be4 Qe7 24. a3 $11 {1/2-1/2 Onischuk,A-Schlosser,P/
Tegernsee GER 1999/ (68)}) 14... Qd6 {I don't see another possibility to be
released from the pin.} (14... h6 15. Bh4 Rc8 16. Ba2 Nb8 17. Ne5 g5 18. Bg3
Ne4 19. Qf3 Qxd4 (19... Nxg3 20. Qxb7 Nf5 21. Nxf7 $1 $16) 20. Nxf7 $1 $16) 15.
Bxf6 gxf6 16. d5 $1 {[%csl Rf6,Rf7]} Na5 17. Ba2 Bxd5 18. Qd4 Nc6 (18... f5 $6
19. Rad1 Rad8 20. Qf6 $16 {[%csl Rd5,Rf5][%cal Gf3g5]}) 19. Qxf6 Bxa2 (19...
Qe7 20. Qh6 Bxf3 21. Bb1 f5 22. Rxe6 $16) 20. Rxa2 Qd3 21. b4 Qg6 (21... Rad8
22. Rae2 Qg6 23. Qh4 $16 {[%csl Rg8]}) 22. Qh4 Rad8 $2 $18 ({the last
possibility of resistance was} 22... b5 {[%csl Gc6]} 23. Rd2 Kh8 (23... Rad8
24. Rxd8 Rxd8 25. Ne5 $1 $18) 24. g3 $16) 23. b5 $1 {Repelling Nc6} Rd3 (23...
Nb8 24. Ne5 Qg7 25. Rae2 Rd5 26. Re3 Kh8 {[%tqu "En","?","","","e3g3","",10]}
27. Rg3 $3 Rxe5 (27... Qxe5 28. Qb4 {[%csl Re5,Rf8]} Qxe1+ 29. Qxe1 $18) 28.
Rf1 $1 Rxb5 29. Rxg7 Kxg7 30. Qg3+ Kh8 31. Qc7 Ra5 32. Re1 $18) 24. Kh1 $1 Rxf3
(24... Nb8 25. Ne5 $18 {[%csl Rd3,Rg6]}) 25. gxf3 Ne5 26. Qe4 ({It was a very
little trap:} 26. Rg1 $4 Qxg1+ 27. Kxg1 Nxf3+ $19) 26... Qxe4 27. Rxe4 (27.
fxe4 $18) 27... Ng6 (27... Nxf3 28. Kg2 $18 {[%csl Rf3]}) 28. Rc2 Rd8 29. Rc7
Rd5 30. a4 Ne5 31. f4 (31. Kg2 $18) 31... Nd3 32. Kg2 Kg7 33. Kf3 Nc5 34. Rc4
Nb3 35. Ke3 Kf6 36. Rxa7 Nc5 37. Rd4 Rh5 38. a5 bxa5 39. b6 Rh3+ 40. f3 Rxh2
41. Rc4 1-0

[Event "EU-ch 1st"]
[Site "Saint Vincent"]
[Date "2000.07.13"]
[Round "10"]
[White "Kempinski, Robert"]
[Black "Gdanski, Jacek"]
[Result "0-1"]
[WhiteElo "2495"]
[BlackElo "2555"]
[Annotator "Tsesarsky,I"]
[PlyCount "84"]
[EventDate "2000.07.03"]
[EventType "swiss"]
[EventRounds "11"]
[EventCountry "ITA"]
[SourceTitle "CBM 078"]
[Source "ChessBase"]
[SourceDate "2000.10.18"]
[SourceVersion "1"]
[SourceVersionDate "2000.10.18"]
[SourceQuality "1"]

1. d4 Nf6 2. c4 e6 3. Nf3 d5 4. Nc3 c5 5. cxd5 Nxd5 6. e3 Nc6 7. Bc4 cxd4 8.
exd4 Be7 9. O-O Nxc3 10. bxc3 O-O {[%csl Gc3,Gd4] In positions with pawn
structure like this White tries to prepare Attack or initiative on the
Kingside. Black, therefore, plays in the center and tries to neutralize White
Activity.} 11. Qe2 ({More popular is} 11. Bd3 Bf6 (11... b6 12. Re1 (12. Qc2 $5
g6 13. Bh6 (13. h4 $5) 13... Re8 14. Bb5 $2 (14. Be4 Bb7 15. Qa4 Rc8 16. Rad1
$132) (14. Rfe1 $5 Bb7 15. Qd2 Rc8 16. h4 $1 Bxh4 17. Nxh4 Qxh4 18. Bg5 $40 {
Tal}) (14. h4 Bf8 15. Qd2 (15. Bxf8 $5 Rxf8 16. h5 Qf6 $1 17. Be4 Bb7 18. Ne5
Rfc8 $15) 15... Bb7 16. Rfe1 Rc8 $132 {1/2-1/2 Eingorn,Vereslav S-Alterman,
Boris/EU-chT (Men) (6) ;EU-chT 1992 (34)}) 14... Bb7 15. c4 a6 16. Bxc6 Bxc6
17. Ne5 Rc8 $15 {1-0 Botvinnik,Mikhail-Szabo,Laszlo/Groningen (1) ;MCL 1946 
(31)}) 12... Bb7 13. h4 $5 {-mainline}) 12. Qe2 Re8 13. Rd1 Bd7 14. Rb1 Na5 15.
Ne5 g6 (15... Ba4 $4 16. Bxh7+ $1 {1-0 Hansen,Curt-Kraidman,Yair/Jerusalem ;
MCL 1986}) 16. Ng4 Bg7 17. Nh6+ Bxh6 18. Bxh6 $14) 11... b6 (11... Bd7 12. Bd3
Rc8 13. Rb1 Qc7 14. Bd2 g6 15. h4 Bf6 16. Ng5 Bg7 17. h5 h6 18. Ne4 b6 19. hxg6
fxg6 20. Bc1 $14 {0-1 Ghinda,Mihail Viorel-Plachetka,Jan/Bratislava (5) ;MCD
1983 (38)}) 12. Qe4 {Except of this move White has big choice of continuations:
} (12. Rd1 Bb7 (12... Na5 13. Bd3 Bb7 14. Bf4 Qd5 15. Rab1 Bc6 16. Be5 Ba4 17.
c4 Qd7 18. Rd2 Nc6 19. d5 $1 $14 {1-0 Stahlberg,Gideon-Szabo,Laszlo/Helsinki
olm ;MCD 1952 (27)}) 13. Bb5 (13. Rb1 Rc8 $1 (13... Qc7 14. Bd3 Rfe8 (14... Na5
{[%csl Rc3]} 15. Ne5 Qxc3 16. Bxh7+ $1 (16. Bb2 Qb4 $1 17. Qh5 f5 18. Ng4 Nc4
$17) 16... Kxh7 17. Rd3 Qxd3 (17... Qc7 18. Qh5+ Kg8 19. Rh3 $18) 18. Qxd3+ $16
) 15. h4 Rac8 16. h5 $14 {1-0 Barcza,Gedeon-Szapiel,H/Budapest tt ;EXT 2000
1954 (42)}) 14. d5 exd5 15. Bxd5 Qc7 16. Ng5 Bxg5 17. Bxg5 Rfe8 $11) 13... Na5
14. Ne5 Qd5 15. f3 a6 16. Bd3 $132 (16. c4 $6 Qd6 17. Ba4 Rac8 18. Bf4 $6 (18.
Qd3 Rfd8 19. Bc2 g6 $15) 18... Bf6 19. Bb3 $15 (19. Rab1 Nxc4 $17 {De Freitas,
Marcio Elisio-O'Kelly de Galway,Alberic/Mar del Plata (6) ;MCD 1948/0-1 (51)}))
) (12. Bd3 Bb7 13. Rd1 (13. Qe4 {-like in this game.}) 13... Rc8 (13... Re8 14.
Qe4 g6 15. Qg4 Bf6 16. Bg5 Nxd4 $1 17. Nxd4 (17. Bb5 Bxf3 18. gxf3 Nxb5 19.
Rxd8 Bxd8 20. Bxd8 Raxd8 21. Qb4 Nd6 $44 {1/2-1/2 Troianescu,
Octavio-Trifunovic,Petar/Wageningen zt (2) ;MCD 1957 (34)}) 17... Bxg5 18. Bb5
Bf6 19. Nxe6 Rxe6 20. Rxd8+ Rxd8 $44) 14. c4 (14. Bb2 Bf6 15. Rac1 Ne7 16. c4
Qd6 17. Nd2 Rfd8 18. Ne4 Bxe4 19. Bxe4 g6 $132 {1/2-1/2 Botterill,George
Steven-Pfleger,Helmut/Hastings7172 (7) ;MCD 1971 (40)}) 14... Nb4 15. Bb1 Bxf3
16. gxf3 Bf6 17. Ba3 $11 {1/2-1/2 Marini,Luis-Esposito,Alfredo/Mar del Plata
zt (6) ;MCL 1951 (21)}) (12. h4 $5 {-the main idea of White Attack.} Bb7 (12...
Bxh4 $4 13. Qe4 $18) 13. Ng5 g6 $132 (13... h6 14. Nxf7 Rxf7 15. Qxe6 Qf8 16.
Bxh6 $1 gxh6 17. Qg6+ Qg7 18. Bxf7+ Kf8 19. Qxg7+ Kxg7 20. Bh5 $16 {1/2-1/2
Larsen,Bent-Euwe,Max/Munich olm prel (8) ;MCD 1958 (45)}) 14. Re1 (14. Nxe6 $2
fxe6 15. Qxe6+ Kh8 16. Bh6 Rf5 $17) (14. Nxf7 Kxf7 15. Bh6 Qd6 16. Rae1 Nd8 17.
Bxf8 Bxf8 18. f4 Rc8 19. f5 gxf5 20. Rxf5+ Kg8 21. Rg5+ Bg7 22. Bxe6+ Qxe6 23.
Qxe6+ Nxe6 24. Rxe6 Rc7 $44) 14... Qc7 $132) (12. Bb2 Bb7 13. Bd3 Qc7 14. Rac1
Bf6 15. Qe3 Ne7 16. c4 Bxf3 17. Qxf3 Rac8 18. Rfd1 Rfd8 $11 {1-0 Cramling,
Pia-Halldorsson,B/Reykjavik op (2) ;MCD 1984 (33)}) (12. Bf4 Bb7 13. Rac1 Bf6
14. Rfd1 Rc8 15. Bd3 Qe7 16. Qe3 Rfd8 17. Bg5 Rd5 18. Bxf6 Qxf6 19. c4 Ra5 (
19... Rdd8 $132) 20. d5 Nb4 $15 {0-1 Leito,Priit-Maidla,Vallo/EST-chT ;EXT 99
1996 (39)}) 12... Bb7 13. Bd3 g6 14. Bh6 Re8 15. Qg4 ({Not bad is also} 15.
Rfe1 Na5 16. Qg4 Bxf3 17. Qxf3 Bg5 18. Bxg5 Qxg5 19. Rad1 Kg7 (19... Rad8 $11)
20. Ba6 Rad8 21. c4 $132 {1-0 Rossetto,Hector-O'Kelly de Galway,Alberic/Buenos
Aires ;EXT 99 1948 (30)}) (15. Qe2 $2 Qd5 (15... Rc8 16. Rfe1 Bf6 17. Bf4 Na5
18. Rac1 Qd5 19. Qb2 Nc4 $15 {0-1 Vaitonis,Paul-Witkowski,Stefan/Munich olm
fin-B (10) ;EXT 99 1958 (43)}) 16. Rab1 Qh5 17. Qe3 e5 18. Rb5 Ba6 19. Nxe5
Bxb5 20. Bxb5 Nxe5 21. Bxe8 Ng4 22. Bxf7+ Kh8 23. Qf4 Nxh6 24. Qe4 Rf8 25. Bxg6
Qh4 26. Qxh4 Bxh4 27. Bh5 Rc8 $17 {0-1 Orton,William R-Rowley,Robert/Saitek US
Masters (8) ;EXT 99 1998 (47)}) (15. Bb5 $6 Rc8 16. Ne5 Qc7 17. Qf4 Bf8 18.
Bxf8 Rxf8 19. Rae1 Nxe5 20. dxe5 $17 {1/2-1/2 Herink,Miroslav-Jansa,Vlastimil/
CSR-chT Harrachov (7) ;EXT 99 1968 (41)}) ({Here} 15. h4 $5 {is not effective:}
Bf8 $1 (15... Qd5 $6 16. Qg4 f5 17. Qg3 Bf6 18. Rfe1 (18. h5 Ne7 19. hxg6 hxg6
20. Bg5 Bxg5 21. Qxg5 $14) 18... Kh8 19. Bf1 e5 20. c4 Qd6 21. Rad1 Qc7 (21...
f4 22. dxe5 Qxd1 23. Qxf4 $1 Qd8 24. exf6 Rxe1 25. Nxe1 $18) (21... Qa3 22. Rd3
Qxa2 23. dxe5 $16) 22. d5 $16 {1-0 Cicak,Slavko-Hauchard,Arnaud/Cappelle op
Cappelle la Grande (5) ;CBM 57 ext 1997 (28)}) 16. Bxf8 (16. Bg5 f6 17. Bd2
$132) 16... Rxf8 17. h5 Na5 18. Qg4 Bxf3 19. Qxf3 Rc8 20. Rac1 Qg5 $15 {
0-1 Grivas,Efstratios-Kalesis,Nikolaos/GRE-ch94 Glyfada (3) ;CBM 47 ext 1995 
(40)}) 15... Bf6 16. Rfe1 Ne7 17. Bb5 $6 $15 (17. Ne5 $142 Nf5 18. Bd2 Rc8 19.
Re2 $132 {[%cal Ga1e1]}) 17... Bc6 18. Bxc6 Nxc6 {The pair of BB change is not
useful for White because become less and less resourses for Attack.} 19. Ng5
Rc8 20. Rad1 Qd5 21. Ne4 Be7 22. c4 $4 $19 {[%mdl 8192] Tactical blunder} (22.
Bg5 f5 $1 (22... Qxa2 $4 23. Bxe7 Rxe7 24. Qh4 h5 (24... Qa5 25. Ra1 Qf5 26.
Nd6 $18) (24... Kg7 25. Qf6+ Kg8 26. d5 exd5 27. Nd6 Rf8 (27... Rxe1+ 28. Rxe1
Rf8 29. Ne8 $1 $18) 28. Rxe7 Nxe7 29. Qxe7 $18) 25. Qg5 Kg7 26. Qf6+ Kg8 27. d5
$1 $18) 23. Bxe7 fxg4 24. Nf6+ Kf7 25. Nxd5 exd5 $15 {[%csl Rc3]}) 22... Qxc4
23. Qf4 f5 (23... Nxd4 24. Nf6+ Bxf6 25. Qxf6 Nf5 $19) 24. Nd6 Bxd6 25. Qxd6
Qd5 26. Qf4 (26. Qxd5 {Hopeless also} exd5) 26... Rcd8 27. Qh4 Rd7 (27... e5
28. Qf6 Rd7 $19) 28. Qf6 e5 29. f4 e4 30. h4 Qe6 31. Bg5 Qxf6 {The rest moves
are really redundant. White can resign here.} 32. Bxf6 Kf7 33. Be5 Red8 34. Rc1
Nxd4 35. Kh2 h5 36. a4 Ne6 37. Rc6 Rd1 38. Re2 R1d2 39. Rxd2 Rxd2 40. a5 e3 41.
Kg3 e2 42. Kf2 Nc5 0-1

[Event "Olympiad-34"]
[Site "Istanbul"]
[Date "2000.11.05"]
[Round "8.2"]
[White "Gulko, Boris F"]
[Black "Lima, Darcy Gustavo Macha"]
[Result "1-0"]
[WhiteElo "2643"]
[BlackElo "2525"]
[Annotator "Tsesarsky,I"]
[PlyCount "61"]
[EventDate "2000.10.28"]
[EventType "team-swiss"]
[EventRounds "14"]
[EventCountry "TUR"]
[SourceTitle "EXT 2001"]
[Source "ChessBase"]
[SourceDate "2000.11.22"]
[SourceVersion "1"]
[SourceVersionDate "2000.11.22"]
[SourceQuality "1"]
[WhiteTeam "US of America"]
[BlackTeam "Brazil"]
[WhiteTeamCountry "USA"]
[BlackTeamCountry "BRA"]

1. d4 Nf6 2. c4 e6 3. Nc3 d5 4. cxd5 Nxd5 5. e4 Nxc3 6. bxc3 c5 7. Nf3 cxd4 8.
cxd4 Bb4+ 9. Bd2 Bxd2+ 10. Qxd2 O-O 11. Bc4 b6 12. O-O Bb7 13. Rfe1 Nd7 14. a4
(14. Qf4 Rc8 15. Bb3 Qc7 (15... Re8 16. Re3 Qf6 17. Qg3 Red8 18. Rd1 $132 {
0-1 Rubene,I-Milovanovic,R/Tuzla 1991/EXT 97 (31)}) 16. Qh4 h6 17. Re3 Rfd8 18.
Rae1 Nf6 19. h3 b5 20. d5 exd5 21. e5 Ne4 22. e6 fxe6 23. Nd4 Re8 24. Nxe6 Rxe6
25. Rxe4 Rxe4 26. Qxe4 Qc5 $44 {1/2-1/2 Hjartarson,J-Hansen,C/Groningen 1993/
CBM 39 (59)}) (14. d5 exd5 15. Bxd5 Nc5 16. Rad1 Bxd5 17. exd5 Qd6 18. Ne5 Rfe8
19. Nc6 Ne4 20. Qd4 Nf6 21. Rxe8+ Rxe8 22. h3 $11 (22. Nxa7 Qe7 $19 {[%csl Ra7,
Re1]} (22... Qxd5 $4 $11 {1/2-1/2 Matlak,M-Pachman,L/CSR 1992/TD (26)}))) ({
Interesting plan of Attack on the kingside was demonstrated in the next game:} 
14. Re3 $5 Rc8 15. Bd3 Qc7 16. Rae1 Nf6 $2 ({after} 16... h6 $5 {it is not
easy for White to increase his initiative.}) 17. e5 Nd5 18. Ng5 $1 h6 (18...
Nxe3 19. Bxh7+ Kh8 20. Qxe3 Qc3 21. Bd3 Kg8 22. Rd1 $1 $18 {[%csl Rg8][%cal
Ge3h3]}) 19. Rh3 Qe7 20. Nh7 Rc7 (20... Rfd8 21. Rxh6 $3 (21. Be4 Rd7 22. Bxd5
Kxh7 $1 23. Bxb7 Rxb7 24. d5 $11) 21... gxh6 22. Qxh6 $18) 21. Nxf8 $18 {
1-0 Lobron,E-Hansen,C/Wijk aan Zee 1993/CBM 34 (35)}) (14. Rad1 {-mainline})
14... Rc8 15. Bd3 e5 $6 $14 {disadvantage of this move is clear: White get
strong stable center and Bb7 became bad piece.} (15... Nb8 $6 16. a5 Nc6 17.
axb6 Nxd4 18. Nxd4 Qxd4 19. bxa7 $16 {1-0 Petrosian,T-Tal,M/Moscow 1972/MCD 
(38)}) ({I would prefer} 15... Qc7 $5 16. a5 Rfd8 17. axb6 axb6 18. Rac1 Qd6
19. Rb1 Rc7 20. Qe3 Ra8 21. e5 Qd5 22. Rb5 Qc6 23. d5 exd5 24. Nd4 Qh6 25. Qxh6
gxh6 $44 {1/2-1/2 Chekhov,V-Aseev,K/Lvov 1984/URS-ch (40)}) ({Or} 15... a6 16.
Qe2 Nb8 17. Rab1 Rc3 18. Rec1 Rxc1+ 19. Rxc1 Nc6 20. Bxa6 Bxa6 21. Qxa6 Nxd4
22. Nxd4 Qxd4 23. Qc4 $11 {1/2-1/2 Schroll,G-Baumgartner,H/Finkenstein 1990/
EXT 97 (38)}) (15... f5 $6 16. Ng5 Qf6 (16... Rf6 $4 17. exf5 $18 {1-0
Tukmakov,V-Kok,F/Crans Montana SUI 2000/The Week in Chess 290/ (20)}) 17. Bb5
$5 $14) 16. d5 Nc5 17. Bc4 $146 (17. Ra3 $143 Qd6 18. Qb2 f5 19. Nxe5 (19. exf5
Nxd3 20. Rxd3 Rxf5 $11) 19... fxe4 20. Bb1 Rce8 21. Nc4 Qxd5 22. Nxb6 $1 {
[%csl Rd5][%cal Gb1a2]} (22. Rg3 Qd7 23. Ne5 Qe6 24. Rxg7+ Kxg7 25. Nd7+ Rf6
26. Nxc5 bxc5 27. Qxb7+ Re7 $17 {0-1 Agdestein,S-Hansen,C/Groningen 1993/CBM
39 (37)}) 22... Qg5 23. Rg3 Qe7 24. Nc4 $132) 17... f6 18. Nh4 Qd7 19. Qe2 (19.
Nf5 $2 {met by} Nxe4 $1 $17) 19... g6 {[%csl Gf5]} (19... Nxa4 $4 20. Bb5 $18)
20. a5 Qd6 21. h3 Rb8 {Nh4 fulfilled his mission - Black played g7-g6.} 22. Nf3
Kg7 23. Nd2 f5 $2 $16 {Not in spirit of position. Black weakens his K and
center.} (23... Rfd8 $14) 24. axb6 axb6 25. Ra7 fxe4 ({After} 25... Rf7 26.
exf5 {White keep advantage:} Rxf5 (26... gxf5 27. Qxe5+ $18) 27. Ba2 ({Not} 27.
g4 Rf4 28. Qxe5+ Qxe5 29. Rxe5 Rd4 30. Nb3 Rxc4 31. Nxc5 Rxc5 32. Re7+ Kg8 33.
Raxb7 Rxb7 34. Rxb7 Rxd5 35. Rxb6 $44) 27... Rbf8 28. f3 $16 ({Not} 28. Ne4 Qb8
29. Nxc5 bxc5 30. Qa6 R5f7 31. Qa5 Bxd5 32. Rxf7+ Bxf7 33. Bxf7 Rxf7 34. Qxc5
Qc7 $44)) 26. Nxe4 Nxe4 27. Qxe4 Rf4 (27... Kg8 28. Qxe5 $16) 28. Qe2 $1 (28.
Qxe5+ Qxe5 29. Rxe5 Rxc4 30. Re7+ Kg8 (30... Kf6 31. Raxb7 Rxb7 32. Rxb7 Ke5
33. Rxb6 Kxd5 34. Rb7 $18) 31. Raxb7 Rxb7 32. Rxb7 Rd4 33. Rd7 (33. Rxb6 Rxd5
$14) 33... b5 34. Kf1 b4 35. Ke2 b3 36. Rb7 Rxd5 37. Rxb3 $14) 28... Kh8 $2 $18
(28... Kg8 29. Ba2 $16) 29. Bb3 Rb4 30. Qb2 $1 {[%cal Gb2h8] Unpleasant pin!}
Kg8 (30... Rd4 31. Ra4 $1 Rxa4 32. Rxe5 $1 $18) 31. Qa3 $1 (31. Qa3 {[%csl Rb4]
[%cal Ge1e4]} Qc5 32. Rxe5 $18) 1-0

[Event "Moscow Aeroflot op-A"]
[Site "Moscow"]
[Date "2003.02.18"]
[Round "8"]
[White "Dreev, Alexey"]
[Black "Jussupow, Artur"]
[Result "1-0"]
[WhiteElo "2690"]
[BlackElo "2592"]
[Annotator "Tsesarsky,I"]
[PlyCount "73"]
[EventDate "2003.02.10"]
[EventType "swiss"]
[EventRounds "9"]
[EventCountry "RUS"]
[SourceTitle "CBM 094"]
[Source "ChessBase"]
[SourceDate "2003.05.26"]
[SourceVersion "1"]
[SourceVersionDate "2003.05.26"]
[SourceQuality "1"]

1. d4 Nf6 2. c4 e6 3. Nf3 d5 4. Nc3 c5 5. cxd5 Nxd5 6. e4 Nxc3 7. bxc3 cxd4 8.
cxd4 Bb4+ 9. Bd2 Bxd2+ 10. Qxd2 O-O 11. Bc4 Nc6 12. O-O b6 13. Rad1 Na5 14. Bd3
Bb7 15. Rfe1 ({Interesting is} 15. d5 {Black can neutralize White's pressure:}
Qe7 (15... exd5 16. exd5 (16. e5 $5 $44) 16... Qxd5 17. Bxh7+ Kh8 (17... Kxh7
18. Qc2+ $16) 18. Qf4 Qh5 19. Be4 Bxe4 20. Qxe4 Rfe8 $44 {[%csl Ra5,Rh8]}) 16.
Qf4 Rfd8 17. Rc1 exd5 18. e5 Bc8 19. Nd4 Be6 20. Ba6 Re8 21. Rfe1 {1/2-1/2
Harikrishna,P-Zilberman,Y/Pardubice 2002/CBM 89 ext (21)}) 15... Qe7 (15... Rc8
16. Rc1 $143 (16. Qf4 $1 Rc3 17. d5 exd5 18. exd5 $16 {[%csl Rg8][%cal Gd3h7,
Gf3g5,Gd5d6]} (18. e5 Bc8 19. Re3 Rc6 20. Ng5 Rh6 $14 {1/2-1/2 Flear,G-Sellos,
D/Val Maubuee 1989/EXT 97 (35)})) 16... h6 17. Rxc8 Qxc8 18. Rc1 Qb8 $11 {
[%cal Gf8c8] 1/2-1/2 Rellstab,L-Kieninger,G/Oldenburg 1949/EXT 2001 (41)}) (
15... h6 $1 {This modest move prevents virtual Attack on h7 square and Nf3-g5
jump. Probably it is the best continuation.} 16. Qf4 Qf6 17. Qg4 (17. Qg3 Qe7
18. d5 Rad8 19. Bb1 Nc4 20. Rc1 (20. dxe6 Qxe6 21. Nd4 Qe5 $11) 20... b5 $132 {
1/2-1/2 Gonzalez,G-Horvath,J/Budapest 1995/EXT 97 (29)}) 17... Rfd8 18. d5 Qe7
19. Qf4 Rac8 20. dxe6 Qxe6 21. e5 Bxf3 22. Qxf3 g6 $14 {1/2-1/2 Corral Blanco,
J-Magem Badals,J/Cala Galdana 1994/EXT 97 (29)}) 16. d5 (16. Qf4 f6 17. d5 e5
18. Qd2 $14 {[%csl Gd5] 1/2-1/2 Ruck,R-Graf,A/Yerevan 2001/CBM 86 (41)} Nc6)
16... Rad8 17. Nd4 Bc8 $6 $16 {This move's idea is to control key squares e6
and f5. However, c8 square now can't be occupied by black R. This move doesn't
solve opening problems and can't be recommended.} (17... g6 18. Qh6 {[%csl Rg8]
} e5 19. Nc2 Bc8 20. Qd2 Nb7 21. Nb4 {-see commented game 1-0 Lautier,
J-Kasimdzhanov,R/Wijk aan Zee 2002/CBM 87 [Lautier,J](44)}) 18. Nb5 {[%cal
Gd5d6]} (18. Rc1 e5 19. Nb5 $14) 18... a6 19. Nc3 Bb7 {Black decides to return
B to b7. It looks tempi waste.} (19... Qa3 20. Rb1 b5 21. Re3 $16 {[%csl Ra3,
Rg8][%cal Ge3a3,Ge3g3]}) 20. Na4 $1 {[%csl Ra5,Rb6] Fantastic N activity!} exd5
$2 $18 ({More stubborn was} 20... b5 21. Nb6 Rd6 22. Qxa5 Qd8 23. Nc4 bxc4 24.
Qxd8 Rfxd8 25. Bxc4 exd5 26. exd5 Kf8 27. Rd4 $16) 21. Nxb6 {[%csl Ra5]} Qc5 ({
After} 21... Nc6 {White keeps winning position:} 22. Nxd5 (22. exd5 Qc7 23. Nc4
Nd4 24. d6 Qc6 25. Re4 (25. Be4 $6 Qxc4 26. Qxd4 Qxd4 27. Rxd4 Bxe4 28. Rexe4
f5 $16) 25... Ba8 26. Bb1 $18) 22... Qh4 23. Rb1 Rd7 24. Bc2 $18) 22. Nxd5 Nc6
23. Rb1 Ba8 24. Bxa6 f5 25. Qe3 Qa5 (25... Qxe3 26. Rxe3 fxe4 27. Nc7 Na5 28.
Nxa8 Rxa8 29. Bb5 $18) 26. Bc4 Ne5 27. Bb3 Kh8 28. f3 fxe4 29. fxe4 Ng4 30. Qd4
Bxd5 31. exd5 Rf4 32. Qxf4 Qc5+ 33. Re3 $1 (33. Kh1 Nf2+ 34. Qxf2 Qxf2 35. Re7
$16) (33. Kf1 Rf8 34. Re4 g5 35. Qxf8+ Qxf8+ 36. Ke2 Qf2+ 37. Kd3 Qxg2 $16)
33... Nxe3 34. Kh1 Rf8 ({Interesting try was} 34... Nxd5 35. Qd2 {[%csl Rd5]
[%cal Gd2d8]} (35. Rd1 Re8 36. Qc1 Nc3 37. Re1 $16) 35... Rb8 {[%cal Gb8b1]}
36. Qg5 (36. Rc1 Qe3 37. Qxe3 Nxe3 38. Kg1 $16) 36... Qc6 37. Qe5 Nc7 38. Rf1
$18) 35. Qe4 Nf5 36. Bc2 Qc3 (36... g6 37. Qe5+ Ng7 38. Rb8 Rg8 39. Rxg8+ Kxg8
40. Qb8+ Kf7 41. Qf4+ Kg8 42. Bb3 $18) 37. Qxf5 {This game contributes to
theory of this opening variation. Black needs to find out another way to
neutralize White's activity.} 1-0